00737nam a22002174a 45000050016000000100014000160200026000300350013000560370013000690820010000821000028000922450042001202600059001622700061002213000025002826500036003077000010003439420024003539990017003779520125003942010081100240.0 aENG-99516 c117.00a9788172087173 aEN-83048 bDBAD/PUB a230.3 aHislop, John S. 911347 aSeeking divinity /cby John S. Hislop aPrasanthi Nilayam bSri Sathya Sai Sadhana Trustc2009 bPrasanthi Nilayam aSri Sathya Sai Sadhana Truste515134 a229 p. c22cm (Pbk)  aSpritual life vHinduism911348 910698 2ddccENmHISh230.3 c41135d41135 001040718NFICaDBADbDBADd2010-08-11g117.00l0o230.3 HISpEN-83048r2010-08-11 00:00:00t1v117.00w2010-08-11yEN